00277nam a22001097a 4500020000800000040001600008082001500024100002400039245004300063260003000106300003100136 qPB. cFIZZA ISHAQ a891.7bCHO aCholokhov, Mikhail. aLe Don paisible /c Mikhail Cholokhov. aFrance:bJulliard,c1959. a329 P. ;c7.5 X 5.5 inches